Detrás del muro / (Registro nro. 8975)

Detalles MARC
000 -LIDER
fixed length control field 00892nam a22002897a 4500
001 - NÚMERO DE CONTROL
Identificador de número de control 00260
003 - IDENTIFICACDOR DE NÚMERO DE CONTROL
control field DO-SdBNP
005 - DATE AND TIME OF LATEST TRANSACTION
control field 20180122110338.0
008 - ELEMENTOS DE LONGITUD FIJA
fixed length control field 151201b 1983 sp xxu||||| |||| 00| 0 spa d
020 ## - ISBN
International Standard Book Number 8427933533
040 ## - FUENTE DE CATALOGACIÓN
Agencia que crea de manera original el registro BPMSU
Idioma de catalogación spa
Agencia que realiza la transcripción BPMSU
041 17 - CÓDIGOS DE OBRAS TRADUCIDAS O EN VARIOS IDIOMAS
Código del idioma del texto/archivo de sonido o separata spa
Cód. del idioma original y/o traducciones intermedias del texto fre
092 ## - LOCALLY ASSIGNED DEWEY DECIMAL CALL NUMBER
Número de clasificación xxxxx
Número de ítem (Cutter) xxxxx
100 1# - ASIENTO PRINCIPAL -- NOMBRE PERSONAL
Nombre personal Wölfel, Ursula,
Fechas asociadas con el nombre 1922-2014.
240 10 - TITULO UNIFORME
Título uniforme Sinchen hinter der Mauer.
Idioma de una obra Español.
245 10 - MENCIÓN DE TITULO
Título Detrás del muro /
Mención de responsabilidad Ursula Wölfel ; traducción Lola Romero ; cubierta e ilustraciones Margarita Menéndez.
260 ## - PUBLICACIÓN, DISTRIBUCIÓN, ETC. (PIE DE IMPRENTA)
Lugar de publicación, distribución, etc Barcelona ; Madrid :
Nombre del editor, distribuidor, etc. Noguer,
Fecha de publicación, distribución, etc 1983.
300 ## - DESCRIPCIÓN FÍSICA
Extensión 127 p. :
Otros detalles físicos il. ;
Dimensiones 19 cm.
490 1# - MENCIÓN DE SERIES
Mención de serie Mundo mágico
Volume/sequential designation ; 41
700 12 - ASIENTO SECUNDARIO -- NOMBRE PERSONAL
Nombre personal Romero, Lola,
Mención de responsabilidad tr.
700 12 - ASIENTO SECUNDARIO -- NOMBRE PERSONAL
Nombre personal Menéndez, Margarita,
Mención de responsabilidad il.
830 #0 - ASIENTO SECUNDARIO DE SERIE--TÍTULO UNIFORME
Título uniforme Mundo mágico
Número de la parte o sección de una obra ; 41
910 ## - VALIDACIÓN
Validación 00260
942 ## - ADDED ENTRY ELEMENTS (KOHA)
Source of classification or shelving scheme Dewey Decimal Classification
Koha item type Libros
945 ## - INFORMACIÓN DE PROCESAMIENTO LOCAL
Información de procesamiento local inventariado, 2018 / dg
956 ## - LOCAL ELECTRONIC LOCATION AND ACCESS (OCLC)
Nombre de host Lorenza Pérez
Número de acceso 10
Existencias
Withdrawn status Lost status Source of classification or shelving scheme Damaged status Not for loan Home library Current library Date acquired Source of acquisition Total Checkouts Barcode Date last seen Copy number Price effective from Koha item type
    Dewey Decimal Classification     Biblioteca Pública Metropolitana Salomé Ureña Biblioteca Pública Metropolitana Salomé Ureña 12/01/2015 Donación   BPMSU15120001 12/01/2015 1 ej. 12/01/2015 Libros